El español de América /

El español americano tiene sus raíces en la época de la conquista y colonización de España y se ha constituido como una lengua autónoma que difiere de lengua estándar y peninsular. Ante este fenómeno dialéctico, el autor aborda su estudio con la finalidad de identificar los principales fenómenos lin...

Descripción completa

Guardado en:
Detalles Bibliográficos
Autor principal: Quesada Pacheco, Miguel Angel (autor)
Formato: Libro
Idioma:Español
Publicado: Cartago, Costa Rica : Instituto Tecnológico de Costa Rica, 2002, c2000
Edición:2a edición
Temas:
Etiquetas: Agrega una etiqueta
Sin etiquetas, Sé el primero en etiquetar este registro!

MARC

LEADER 00000nam^a2200000^a^4500
001 000163888
005 20250521000000.0
009 20260310100922.237
020 |a 9977-66-116-2 
037 |a Acervo ITESO - Biblioteca 
041 |a ESP 
082 |a 467. 980  |b QUE 
100 |a Quesada Pacheco, Miguel Angel  |e (autor) 
245 1 3 |a El español de América /  |c M.A. Quesada Pacheco. 
250 |a 2a edición 
264 4 |a Cartago, Costa Rica :  |b Instituto Tecnológico de Costa Rica,  |c 2002, c2000 
300 |a 226 p. 
336 |a texto  |b txt  |2 rdacontenido 
337 |a sin mediación  |b n  |2 rdamedio 
338 |a volumen  |b nc  |2 rdasoporte 
520 |a El español americano tiene sus raíces en la época de la conquista y colonización de España y se ha constituido como una lengua autónoma que difiere de lengua estándar y peninsular. Ante este fenómeno dialéctico, el autor aborda su estudio con la finalidad de identificar los principales fenómenos lingüísticos que la caracterizan, a través del auxilio de la gramática. 
649 |a XX 
650 |a Español en América 
650 |a Fonología 
650 |a Morfología 
650 |a Acentos y Acentuación 
650 |a Sintaxis 
650 |a Gramática 
650 |a Dialecto -  |z América 
650 |a Habla -  |z América 
650 |a Lengua Nacional -  |z América 
650 |a Sociolingüística 
650 |a Lingüística 
910 |a Fondo General 
920 |a Impresos - Libros 
930 |a Colección General 
905 |a 101 
901 |a 0500096621  |b IT1  |c ACC  |u 20250521 
902 |a https://opac.biblio.iteso.mx/vufind/Record/000163888